000 01407nam0a2200349 i 4500
001 RU\NLR\BIBL_A\011594575
005 20241103111730.0
010 _a9785906564375
_9500
021 _aRU
_b2017-96639
_96951
035 _a(RuMoRGB)009488735
035 _a(NLR Aleph) 011594575
090 _a10854667
_c10854667
100 _a20180115d2018 u y0rusy50 ca
101 0 _arus
102 _aRU
105 _aa|||j|||000zy
200 1 _aЙога восьми кругов: сетовый тренинг
_fМ. Ясочка, С. Сидорцов, А. Зенченко
_gШкола практической йоги Сергея Сидорцова, Черниговская технологическая линия Хатха йоги и Интегрального тренинга
205 _a4-е изд.
210 _aМосква
_cАБВ
_d2018 [т.е. 2017]
215 _a335 с.
_cил.
_d20
300 _aКн. фактически изд. в 2017 г.
333 _a16+
606 _aГимнастика йогов
_91348832
_3RU\NLR\AUTH\66248320
686 _aЧ516.914.214,0
_2rubbk
686 1 _aЧ516.914.2
700 1 _aЯсочка
_bМ.
_gМаксим
701 1 _7ca
_8rus
_aСидорцов
_bС.
_f1962-
_gСергей
_9228039
_3RU\NLR\AUTH\770228095
701 1 _aЗенченко
_bА.
_gАнатолий
942 _cBOOK
980 _aNBR